000 00417nam a22001217a 4500
999 _c66701
_d66698
100 _aAqib Munir
_a18MESTR03
_aSupervisor - Prof. Dr Bashir Ahmed Memon
245 _aImpact of Cement Replacement by SAW Dust ASH in Compressive Strength of Concrete Cylinders
260 _aNawabshah
_bQUEST
_c2020
300 _a46
700 _aDepartment of Civil Engineering
856 _uhttp://tinyurl.com/4a6zprp7
942 _cTHESIS